[Event "TCh-Rep. Srpska"]
[Site "Jahorina BIH"]
[Date "2001.08.17"]
[Round "7"]
[White "Lakic,N"]
[Black "Blagojevic,D"]
[Result "1/2-1/2"]
[WhiteElo "2326"]
[BlackElo "2486"]

1.Nf3 d5 2.g3 c6 3.Bg2 Bg4 4.d3 e6 5.O-O Nd7 6.Qe1 Bd6 7.e4 Ne7 8.Nbd2 O-O
9.b3 a5 10.a3 b5 11.Bb2 Qb6 12.e5 Bc7 13.h3 Bh5 14.Kh1 Qb8 15.g4 Bg6 16.Qe2 c5
17.Rae1 Nc6 18.Ng1 Bxe5 19.Bxe5 Qxe5 20.Qxe5 Ndxe5 21.f4 Nxd3 22.Re3 Nxf4
23.Rxf4 b4 24.axb4 cxb4 25.c4 bxc3  1/2-1/2

[Event "ch-AUT women"]
[Site "Mureck AUT"]
[Date "2001.08.17"]
[Round "9"]
[White "Hapala,M"]
[Black "Sommer,S"]
[Result "0-1"]
[WhiteElo "2008"]
[BlackElo "2043"]

1.Nf3 d5 2.g3 Nf6 3.Bg2 c6 4.O-O Bf5 5.d3 h6 6.Nbd2 e6 7.b3 Be7 8.Bb2 Nbd7
9.Re1 O-O 10.e4 dxe4 11.dxe4 Bh7 12.Qe2 Qc7 13.e5 Nd5 14.c4 Nb4 15.Ne4 Bxe4
16.Qxe4 Nc5 17.Qb1 Nbd3 18.Re3 Nxb2 19.Qxb2 Rfd8 20.b4 Nd3 21.Qb3 Nxb4 22.Rb1 Rd7
23.a3 Na6 24.Rd3 Rxd3 25.Qxd3 Rd8 26.Qc3 Nc5 27.Ne1 Qd7 28.Bf3 Qd4 29.Qb4 Qxe5
30.Kg2 Rd7 31.Qa5 a6 32.Qb6 Rd2 33.Kh1 Qd4 34.Bg2 Qxf2 35.Qb4 Bg5 36.Qc3 Be3  0-1

[Event "6th San Agustin Open"]
[Site "Aviles ESP"]
[Date "2001.08.19"]
[Round "2"]
[White "Pinter,G"]
[Black "Antal,A"]
[Result "1-0"]
[WhiteElo "2390"]
[BlackElo "2043"]

1.Nf3 d5 2.g3 g6 3.Bg2 Bg7 4.O-O e5 5.d3 Ne7 6.Nbd2 O-O 7.e4 c6 8.Re1 Qc7
9.c3 Rd8 10.Qc2 b6 11.a4 a5 12.d4 exd4 13.Nxd4 Bb7 14.N2f3 dxe4 15.Qxe4 Nd5
16.Bg5 Rf8 17.Qh4 Nd7 18.c4 N5f6 19.Bf4 Qc8 20.Rad1 Re8 21.Ne5 Nxe5 22.Bxe5 Nh5
23.Bxg7 Nxg7 24.Re7 Rb8 25.Rde1 Rxe7 26.Rxe7 Nf5 27.Nxf5 Qxf5 28.Be4 Qc8
29.Qf4 f5 30.Qh6  1-0

[Event "Rubinstein Open"]
[Site "Polanica Zdroj POL"]
[Date "2001.08.19"]
[Round "4"]
[White "Janocha,W"]
[Black "Luch,M"]
[Result "1-0"]
[WhiteElo "2315"]
[BlackElo "2115"]

1.Nf3 d5 2.g3 Nf6 3.Bg2 c6 4.O-O Bf5 5.d3 e6 6.Nbd2 Be7 7.Nh4 Bg4 8.h3 Bh5
9.g4 Bg6 10.Ndf3 Nbd7 11.b3 O-O 12.Nxg6 hxg6 13.Bb2 a5 14.a3 Qc7 15.c4 Rfe8
16.Rc1 Rad8 17.Qd2 Qb6 18.Qc2 Bd6 19.Bd4 c5 20.Ba1 Bb8  1-0

[Event "14th Kieler Open"]
[Site "Kiel GER"]
[Date "2001.08.20"]
[Round "5"]
[White "Bukhman,E"]
[Black "Haba,P"]
[Result "1/2-1/2"]
[WhiteElo "2360"]
[BlackElo "2482"]

1.Nf3 d5 2.g3 c5 3.Bg2 Nc6 4.d4 e6 5.O-O cxd4 6.Nxd4 Bc5 7.Nb3 Bb6 8.Na3 Nge7
9.c4 O-O 10.cxd5 Nxd5 11.Nc4 Bc7 12.Ne3 Nce7 13.Nxd5 Nxd5 14.e4 Ne7 15.Be3 Bb6
16.Nc5 Nc6 17.Qxd8 Rxd8 18.Rfd1 Rxd1+ 19.Rxd1 e5 20.h3  1/2-1/2

[Event "Rubinstein Open"]
[Site "Polanica Zdroj POL"]
[Date "2001.08.20"]
[Round "5"]
[White "Gorecki,J"]
[Black "Pyka,R"]
[Result "0-1"]
[WhiteElo "2008"]
[BlackElo "2167"]

1.Nf3 d5 2.g3 Nf6 3.Bg2 Bf5 4.d3 e6 5.Nbd2 Bc5 6.O-O h6 7.c4 c6 8.cxd5 cxd5
9.Ne5 Nc6 10.Qa4 Qc7 11.Ndf3 O-O 12.Bf4 g5 13.Ng4 gxf4 14.Nxf6+ Kh8 15.Rac1 Ne7
16.Nh5 fxg3 17.Nxg3 Bg6 18.Nd4 Qf4 19.e3 Qh4 20.e4  0-1

[Event "Open"]
[Site "Lisbon POR"]
[Date "2001.08.21"]
[Round "1"]
[White "Safranska,A"]
[Black "Kogan,A"]
[Result "0-1"]
[WhiteElo "2330"]
[BlackElo "2517"]

1.Nf3 d5 2.g3 Bf5 3.Bg2 e6 4.d3 c5 5.Nbd2 Nc6 6.e4 Bg4 7.O-O Bd6 8.c3 Nge7
9.Qa4 Bh5 10.Re1 O-O 11.exd5 exd5 12.d4 cxd4 13.Nxd4 Ne5 14.N2f3 Nd3 15.Re3 Nc5
16.Qc2 Qb6 17.Qe2 Ne4 18.Rd3 f5 19.h3 Rae8 20.Rd1 Nc6 21.Qc2 Bc5 22.Qd3 Bxf3
23.Bxf3 Bxd4 24.cxd4 Ne5 25.Qa3 Rc8 26.Bg2 Rc2 27.Qe7 Ng6 28.Qd7 Rd8 29.Qxf5 Rxf2
30.Qg4 Rdf8 31.Be3 Ne5 32.Qh5 Rxg2+ 33.Kxg2 Qxb2+ 34.Kg1 Nf3+ 35.Qxf3  0-1

[Event "9th Open"]
[Site "Nikea GRE"]
[Date "2001.08.21"]
[Round "4"]
[White "Gesos,P"]
[Black "Zamit,S"]
[Result "1-0"]
[WhiteElo "2351"]
[BlackElo "2075"]

1.Nf3 d5 2.g3 Nf6 3.Bg2 Bf5 4.c4 c6 5.Qb3 Qb6 6.d3 e6 7.Be3 Qxb3 8.axb3 a6
9.Nh4 Nbd7 10.Nxf5 exf5 11.Nc3 dxc4 12.bxc4 Bd6 13.O-O O-O 14.Rfb1 Ng4 15.Bd2 Bc5
16.Nd1 Rfe8 17.e3 Bf8 18.b4 Nde5 19.Nb2 Rac8 20.d4 Nd7 21.Na4 Ngf6 22.Nc5 Rc7
23.Nxd7 Rxd7 24.Be1 Ne4 25.Rc1 g6 26.Rab1 Ra8 27.g4 Nd6 28.c5 Nb5 29.gxf5 gxf5
30.Bh3 Rd5 31.Bg2 Rd7 32.Bh3 Rd5 33.f4 Re8 34.Kf2 Re6 35.Kf3 Rh6 36.Bg2 Rd7
37.h4 Be7 38.Bf2 Kg7 39.Rh1 Nc3 40.Rbg1 Kf8 41.Be1 Ne4 42.Bh3 Rd5 43.Bxf5 Rxf5
44.Kxe4 Rfh5 45.Rh3 f5+ 46.Kf3 Rg6 47.Rgh1 Kf7 48.Bf2 Ke6 49.e4 Bf6 50.Re1 Rg4
51.Rd1 Rg7 52.d5+ cxd5 53.exd5+ Kd7 54.b5 axb5 55.Rb1 Kc7 56.Rxb5 Rd7 57.d6+ Kd8
58.c6  1-0

[Event "VI Cup IM"]
[Site "Paks HUN"]
[Date "2001.08.21"]
[Round "4"]
[White "Popescu,Da"]
[Black "Macsik,T"]
[Result "1-0"]
[WhiteElo "2250"]
[BlackElo "2188"]

1.Nf3 d5 2.g3 Bg4 3.Bg2 c6 4.O-O Nd7 5.d3 Ngf6 6.Nbd2 e6 7.h3 Bh5 8.Qe1 Be7
9.e4 O-O 10.Nh4 Ne8 11.Nhf3 Bg6 12.Nh2 dxe4 13.dxe4 Nc5 14.Nb3 Nf6 15.f3 Nxb3
16.axb3 Qb6+ 17.Kh1 Nd7 18.f4 f6 19.g4 Bc5 20.Nf3 Qb4 21.Nd2 Bf7 22.c3 Qb6
23.b4 Be7 24.Nc4 Qc7 25.Qe2 e5 26.f5 b5 27.Ne3 Nb6 28.Rg1 Nc4 29.h4 a5 30.bxa5 Rxa5
31.Rxa5 Qxa5 32.g5 fxg5 33.Bh3 gxh4 34.Qg2 Bf6 35.Ng4 Qd8 36.b3 Nb6 37.Bh6 Bg5
38.f6 gxh6 39.Nxh6+ Kh8 40.Nxf7+ Rxf7 41.Qxg5 Qf8 42.Be6 h6 43.Qxe5 Nd7 44.Bxd7 Rxd7
45.f7+  1-0

[Event "Schneider Bohemia Open"]
[Site "Pilsen CZE"]
[Date "2001.08.21"]
[Round "4"]
[White "Pokrupa,M"]
[Black "Bender,I"]
[Result "0-1"]
[WhiteElo "2075"]
[BlackElo "2183"]

1.Nf3 d5 2.g3 Nf6 3.Bg2 e6 4.O-O Be7 5.d4 O-O 6.Nbd2 b6 7.b3 Bb7 8.Bb2 Nbd7
9.c4 c5 10.Rc1 Rc8 11.Rc2 a6 12.Qc1 dxc4 13.Nxc4 Be4 14.Rd2 b5 15.Nce5 cxd4
16.Qd1 Nxe5 17.Bxd4 Nxf3+ 18.Bxf3 Bxf3 19.Bxf6 Bxf6 20.Rxd8 Rfxd8 21.Qb1 Bxe2
22.Re1 Bf3 23.h3 Rd2 24.b4 Rcd8 25.Qb3 R2d3  0-1

[Event "Rubinstein Open"]
[Site "Polanica Zdroj POL"]
[Date "2001.08.21"]
[Round "6"]
[White "Markowski,T"]
[Black "Staniszewski,Pi"]
[Result "1-0"]
[WhiteElo "2548"]
[BlackElo "2451"]

1.g3 d5 2.Nf3 Nc6 3.c4 d4 4.Bg2 e5 5.O-O Nf6 6.d3 a5 7.e3 Be7 8.exd4 exd4
9.Na3 Nd7 10.Re1 Nc5 11.Nb5 Bg4 12.h3 Bh5 13.Bf4 Rc8 14.g4 Bg6 15.Nh4 Nb4
16.Nxg6 hxg6 17.Bf1 O-O 18.a3 Nba6 19.Qf3 Re8 20.Qd5 Ne6 21.Qxb7 Nxf4 22.Qxa6 Qd7
23.Na7 Ra8 24.Qc6 Red8 25.Qxd7 Rxd7 26.Nc6 Bf6 27.b4 axb4 28.axb4 Rxa1 29.Rxa1 g5
30.Ra7 Ne6 31.Bg2 g6 32.Be4 Kg7 33.c5 Be7 34.Kf1 Bf8 35.Kg1 Kf6 36.Kh2 Nf4
37.Ra6 Kg7 38.Ra8 Ne2 39.Kg2 Nf4+ 40.Kg3 Ne2+ 41.Kf3 Ng1+ 42.Kg2 Ne2 43.Re8 Nf4+
44.Kg3 Ne2+ 45.Kh2 Nc3 46.Kg2 Ne2 47.Rc8 Nf4+ 48.Kg3 Ne6 49.Ra8 Kf6 50.Ra6 Kg7
51.h4 gxh4+ 52.Kxh4 Kf6 53.f4 Kg7 54.Kg3 Nd8 55.Ne5 Re7 56.Ra8 Ne6 57.Nc6 Rd7
58.g5 f6 59.gxf6+ Kxf6 60.Ne5 Rg7 61.Ra6 Ke7 62.Nxg6+ Kf7 63.f5 Nxc5 64.bxc5 Bxc5
65.Kg4 Bd6 66.Kg5 Be7+ 67.f6  1-0

[Event "Caissa IM"]
[Site "Miercurea Ciuc ROM"]
[Date "2001.08.22"]
[Round "3"]
[White "Bogza,A"]
[Black "Marin,L"]
[Result "1-0"]
[WhiteElo "2290"]
[BlackElo "2159"]

1.Nf3 d5 2.g3 Nf6 3.Bg2 c6 4.b3 Bg4 5.Bb2 Nbd7 6.O-O e6 7.c4 Bd6 8.d3 O-O
9.Nbd2 Qe7 10.a3 a5 11.Qc2 Rfe8 12.Rfe1 e5 13.e4 dxe4 14.dxe4 Bc5 15.h3 Bh5
16.Bf1 Qd8 17.Nh4 Qb6 18.Ndf3 Rad8 19.Kg2 Bxf3+ 20.Nxf3 Nh5 21.Bc3 f6 22.Qb2 Nf8
23.b4 axb4 24.axb4 Bd4 25.c5 Qc7 26.Nxd4 exd4 27.Bxd4 Ne6 28.Be3 Qf7 29.Kh2 Qg6
30.Bg2 Kh8 31.Rad1 Rxd1 32.Rxd1 f5 33.exf5 Qxf5 34.g4  1-0

[Event "IV Pyramiden-Franken"]
[Site "Fuerth GER"]
[Date "2001.08.23"]
[Round "6"]
[White "Lobron,E"]
[Black "Hector,J"]
[Result "1-0"]
[WhiteElo "2524"]
[BlackElo "2552"]

1.Nf3 d5 2.g3 Bg4 3.Bg2 Nd7 4.O-O e5 5.d4 e4 6.Ne5 Nxe5 7.dxe5 Bc5 8.c4 c6
9.cxd5 cxd5 10.Nc3 Be6 11.Qa4+ Kf8 12.Rd1 Qb6 13.Nxd5 Bxd5 14.Rxd5 Bxf2+
15.Kh1 Ne7 16.Rd7 Qc6 17.Qxc6 Nxc6 18.Bxe4 Nxe5 19.Rxb7 Re8 20.Bf4 f6 21.Rf1 Bd4
22.Rd1 Bb6 23.Bxe5 Rxe5 24.Bc6  1-0

[Event "10th Open"]
[Site "Kavala GRE"]
[Date "2001.08.23"]
[Round "3"]
[White "Angelis,M"]
[Black "Miladinovic,I"]
[Result "0-1"]
[WhiteElo "2266"]
[BlackElo "2496"]

1.Nf3 d5 2.g3 Nc6 3.d4 Bg4 4.Bg2 e6 5.O-O Nf6 6.c4 dxc4 7.Qa4 Nd7 8.Qxc4 Nb6
9.Qd3 Be7 10.Nc3 O-O 11.Bf4 Nb4 12.Qd1 N4d5 13.Ne5 Bh5 14.Nd3 c6 15.Re1 a5
16.Rc1 Ra7 17.Ne4 Nd7 18.Qd2 Bg6 19.Nc3 h6 20.e4 Nxf4 21.Nxf4 Bh7 22.Qe2 Bg5
23.Rcd1 Bxf4 24.gxf4 Re8 25.Qe3 Ra8 26.Rd2 a4 27.Rc1 Nf8 28.e5 Qh4 29.Qg3 Ng6
30.Ne2 Qe7 31.f5 exf5 32.f4 Nh4 33.Bh1 Kh8 34.d5 cxd5 35.Rxd5 Ra6 36.Qd3 Bg6
37.Rd7 Qb4 38.Rxb7 Rb6 39.Rxb6 Qxb6+ 40.Qd4 Qa5 41.Qf2 Bh5 42.Nd4 g5 43.Bc6 Rd8
44.Rc4 Ng6 45.fxg5 f4 46.Rxa4 Qxe5 47.gxh6 f3 48.Bxf3 Nf4 49.Bg2 Rg8 50.Ra8 Nh3+
51.Kf1 Nxf2  0-1

[Event "Rubinstein Open"]
[Site "Polanica Zdroj POL"]
[Date "2001.08.23"]
[Round "8"]
[White "Markowski,T"]
[Black "Balcerak,J"]
[Result "1-0"]
[WhiteElo "2548"]
[BlackElo "2415"]

1.g3 d5 2.Nf3 c6 3.Bg2 Nf6 4.O-O Bf5 5.d3 e6 6.Nbd2 h6 7.Qe1 Nbd7 8.e4 Bh7
9.e5 Ng8 10.Qe2 Ne7 11.Ne1 Nf5 12.c3 g5 13.Ndf3 Qb6 14.d4 Qb5 15.Qxb5 cxb5
16.g4 Nh4 17.Nxh4 gxh4  1-0

[Event "Caissa IM"]
[Site "Miercurea Ciuc ROM"]
[Date "2001.08.24"]
[Round "5"]
[White "Bogza,A"]
[Black "Orso,M"]
[Result "1/2-1/2"]
[WhiteElo "2290"]
[BlackElo "2401"]

1.Nf3 d5 2.g3 Nf6 3.Bg2 c6 4.b3 Bg4 5.Bb2 Nbd7 6.c4 e6 7.d3 a5 8.a3 Be7 9.O-O O-O
10.Nbd2 Qb8 11.Qc2 Rc8 12.e4 b5 13.Rfe1 b4 14.a4 Bh5 15.Rac1 dxe4 16.dxe4 Bxf3
17.Nxf3 e5 18.Bh3 Re8 19.Rcd1 Qc7 20.Re2 Bc5 21.Qb1 Re7 22.Qa1 Rae8 23.Ne1 Bb6
24.Nd3 Nc5 25.Nxc5 Bxc5 26.Kg2 h5 27.f3 Ba7 28.Bf5 Qb6 29.Qc1 Rd8 30.c5 Qc7
31.Rxd8+ Qxd8 32.Rd2 Qe8 33.Rd6 Nd7 34.Bxd7 Rxd7 35.Bxe5 Rxd6 36.Bxd6 Qe6
37.Qc2 h4 38.gxh4 Qg6+ 39.Bg3 Qh6 40.f4 Qf6 41.Kf3 Qe7 42.Bf2 Bb8 43.Qd3 Bc7
44.Qc4 Qf6 45.Bg3 Be5 46.Qa6 Bb2 47.Qc8+ Kh7 48.Qf5+ Qxf5 49.exf5 f6  1/2-1/2

[Event "Open"]
[Site "Lisbon POR"]
[Date "2001.08.25"]
[Round "5"]
[White "Frois,A"]
[Black "Fluvia Poyatos,J"]
[Result "0-1"]
[WhiteElo "2374"]
[BlackElo "2474"]

1.Nf3 d5 2.g3 Nf6 3.Bg2 c6 4.O-O Bf5 5.d3 h6 6.c4 dxc4 7.dxc4 Qxd1 8.Rxd1 Nbd7
9.b3 e6 10.Bb2 Bc5 11.Nc3 O-O-O 12.h3 Rhe8 13.Na4 Bf8 14.Nc3 e5 15.g4 Bh7
16.g5 hxg5 17.Nxg5 Bg6 18.Nce4 Nxe4 19.Nxe4 Nc5 20.Nxc5 Bxc5 21.Rac1 f6 22.Kf1 Bf5
23.e4 Be6 24.Ke2 Rh8 25.Rxd8+ Kxd8 26.Rd1+ Ke7 27.Rd3 Rh4 28.Bc1 Bd4 29.Rg3 Kf7
30.Be3 c5 31.Kf1 a6 32.a4 b6 33.Ke1 Bd7 34.Bd2 g6 35.Bc3 Bc6 36.Bxd4 cxd4
37.f3 Rh8 38.Bf1 f5 39.exf5 gxf5 40.Kf2 Kf6 41.Rg1 a5 42.Bg2 Rg8 43.Rc1 e4
44.Bh1 Bb7 45.h4 Ke5 46.h5 Kf4 47.c5 e3+ 48.Ke2 Ba6+  0-1

[Event "Julian Borowski Rapid"]
[Site "Mainz GER"]
[Date "2001.08.25"]
[Round "5"]
[White "Mainka,R"]
[Black "Rabiega,R"]
[Result "0-1"]
[WhiteElo "2459"]
[BlackElo "2499"]

1.Nf3 d5 2.g3 Bg4 3.Bg2 Nd7 4.c4 e6 5.cxd5 exd5 6.O-O Ngf6 7.d3 Bc5 8.Qc2 O-O
9.Nc3 Re8 10.b3 c6 11.Bb2 Nf8 12.e3 Qd7 13.Ne2 Qe7 14.h3 Bxf3 15.Bxf3 Ba3
16.Bc3 Ne6 17.Bg2 a5 18.g4 Qc5 19.Qd1 Nd7 20.Rb1 Qb5 21.Ng3 Bf8 22.h4 Nec5
23.d4 Ne4 24.Bxe4 dxe4 25.f3 Nf6 26.fxe4 Nxe4 27.Nxe4 Rxe4 28.Rxf7 Rxe3 29.Rf3 Rae8
30.Qf1 Qd5 31.Rf5 Qe4 32.Rf4 Qg6 33.h5 Qg5 34.Re1 Rxe1 35.Bxe1 Bd6 36.Qc4+ Kh8  0-1

[Event "Caissa IM"]
[Site "Miercurea Ciuc ROM"]
[Date "2001.08.25"]
[Round "6"]
[White "Marin,L"]
[Black "Lutz,D"]
[Result "1/2-1/2"]
[WhiteElo "2159"]
[BlackElo "2078"]

1.g3 d5 2.Nf3 Nf6 3.Bg2 e6 4.c4 c6 5.b3 Nbd7 6.O-O Be7 7.Bb2 O-O 8.d3 b6
9.Nbd2 Bb7 10.e4 Rc8 11.Re1 Nc5 12.e5 Nfd7 13.Qc2 Re8 14.Rad1 Nf8 15.Nf1 Qc7
16.h4 Ncd7 17.N1h2 c5 18.Bc1 Qb8 19.Qe2 Rcd8 20.Bg5 h6 21.Bxe7 Rxe7 22.h5 Nh7
23.Ng4 Ndf8 24.Nh4 dxc4 25.dxc4 Bxg2 26.Kxg2 Red7 27.f4 Qb7+ 28.Nf3 Rxd1
29.Rxd1 Rxd1 30.Qxd1 Qd7 31.Qe2 Qb7 32.Kh2 Nd7 33.Nd2 Nb8 34.Ne4 Nc6 35.Nd6 Nd4
36.Nxh6+ Kf8 37.Qd1 Qa6 38.Nhxf7 Qxa2+ 39.Kh3 Qf2 40.Qh1 Nf3 41.h6 g6 42.Nh8 Qe2
43.Nxg6+ Kg8 44.Ne8 Nfg5+ 45.fxg5 Nxg5+ 46.Kh4 Nf3+ 47.Kh3 Ng5+ 48.Kh4 Nf3+
49.Kg4 Qe4+ 50.Kh3 Ng5+ 51.Kh2 Qe2+ 52.Qg2 Nf3+ 53.Kh3 Ng5+ 54.Kh2 Nf3+ 55.Kh3  1/2-1/2

[Event "Schneider Bohemia Open"]
[Site "Pilsen CZE"]
[Date "2001.08.25"]
[Round "8"]
[White "Eretova,J"]
[Black "Komarek,D"]
[Result "1/2-1/2"]
[WhiteElo "2189"]
[BlackElo "2111"]

1.Nf3 d5 2.g3 c6 3.Bg2 Nf6 4.O-O Nbd7 5.d3 Qc7 6.Re1 e5 7.e4 dxe4 8.dxe4 Bc5
9.h3 O-O 10.b3 Rd8 11.Qe2 Nf8 12.Bb2 Ng6 13.a4 h6 14.Nbd2 Nh7 15.Nc4 Ng5
16.Nxg5 hxg5 17.Qh5 Be6 18.Bf1 b5 19.Ne3 Rd2 20.Qxg5 Rad8 21.h4 b4 22.Re2 Rxe2
23.Bxe2 Rd2 24.Nd5 cxd5 25.Qxd2 dxe4 26.Rd1 Bb6 27.h5 Nf8 28.h6 f6 29.Bc4 Bxc4
30.bxc4 Qxc4 31.hxg7 Kxg7 32.Bc1 Qc6 33.Qxb4 Qxc2 34.Bh6+ Kxh6 35.Qxf8+ Kg6
36.Qg8+ Kh6 37.Qf8+ Kg6 38.Qe8+ Kh6 39.Rf1 e3 40.Qh8+ Kg6 41.Qg8+ Kh6 42.Kg2 Qe4+
43.f3 Qc2+ 44.Kh3 Qe2 45.Qh8+  1/2-1/2

[Event "Rubinstein Open"]
[Site "Polanica Zdroj POL"]
[Date "2001.08.25"]
[Round "10"]
[White "Fudalej,M"]
[Black "Kosiorek,M"]
[Result "0-1"]
[WhiteElo "2243"]
[BlackElo "2339"]

1.Nf3 d5 2.g3 Bg4 3.Bg2 e6 4.b3 Nf6 5.Bb2 Nbd7 6.O-O Bd6 7.d3 c6 8.Nbd2 Qe7
9.a3 e5 10.e4 d4 11.h3 Bxf3 12.Qxf3 h5 13.Nc4 Bc7 14.c3 b5 15.Nd2 dxc3 16.Bxc3 Bb6
17.b4 h4 18.g4 O-O 19.Nb3 c5 20.Qf5 Rfe8  0-1

[Event "WJun"]
[Site "Athens GRE"]
[Date "2001.08.26"]
[Round "10"]
[White "Aronian,L"]
[Black "Acs,P"]
[Result "1/2-1/2"]
[WhiteElo "2562"]
[BlackElo "2514"]

1.Nf3 d5 2.g3 Nf6 3.Bg2 c6 4.O-O Bg4 5.d3 e6 6.Qe1 Be7 7.e4 O-O 8.Ne5 Bh5
9.h3 Nbd7 10.Nxd7 Nxd7 11.g4 Bg6 12.f4 dxe4 13.dxe4 f5 14.Nc3 fxg4 15.hxg4 e5
16.f5 Bf7 17.Be3 h6 18.Rd1 Qc7 19.Kh1 Rad8 20.Bf3 Nb6 21.Be2 Nc4 22.Bxc4 Bxc4
23.Rg1 Rxd1 24.Nxd1 Qd6 25.Nf2 b6 26.b3 Ba6 27.Kh2 c5 28.g5 hxg5 29.c4 Bb7
30.Qe2 Qh6+ 31.Kg2 Rxf5 32.Qg4 Qe6 33.Kf1 Rf6 34.Bxg5 Qxg4 35.Rxg4 Re6 36.Ke2 Bf8
37.Bd2 g6 38.a4 Bc8 39.Rh4 Re7 40.Rh1 Rh7 41.Rxh7 Kxh7 42.Kf3 Kg7 43.Ng4 Bd6
44.Bc3 Bxg4+ 45.Kxg4 Kf6  1/2-1/2

[Event "WJun"]
[Site "Athens GRE"]
[Date "2001.08.26"]
[Round "10"]
[White "Venkatesh,M"]
[Black "Sedlak,N"]
[Result "1-0"]
[WhiteElo "2356"]
[BlackElo "2457"]

1.Nf3 d5 2.g3 c6 3.Bg2 Bg4 4.d3 Nd7 5.Nbd2 e6 6.O-O Bd6 7.h3 Bh5 8.e4 Ne7
9.Re1 O-O 10.g4 Bg6 11.e5 Bc7 12.Nf1 c5 13.c3 Nc6 14.d4 cxd4 15.cxd4 f6 16.exf6 Qxf6
17.Ng3 Rae8 18.h4 Bxg3 19.fxg3 Be4 20.g5 Qd8 21.Be3 Nb4 22.Nh2 Nd3 23.Re2 Qb8
24.Bxe4 dxe4 25.Rg2 Nxb2 26.Qe2 Nd3 27.Qg4 Nb4 28.Qxe4 Nd5 29.Bd2 Qd6 30.Ng4 Qa3
31.Re1 Qf3 32.Nf6+ Rxf6 33.gxf6 Qxe4 34.Rxe4 gxf6 35.g4 Kf7 36.g5 f5 37.Re1 N7b6
38.h5 Nc4 39.Bc1 Kg8 40.Kf2 b5 41.Reg1 Kg7 42.Kf3 Rd8 43.g6 h6 44.Re1 Nc7
45.Bf4 Nd6 46.Rc2  1-0

[Event "21st Open"]
[Site "Bratto ITA"]
[Date "2001.08.26"]
[Round "5"]
[White "Foisor,C"]
[Black "Koskinen,Hen"]
[Result "1/2-1/2"]
[WhiteElo "2423"]
[BlackElo "2321"]

1.Nf3 d5 2.g3 Bg4 3.Bg2 c6 4.d3 Nd7 5.Nbd2 Ngf6 6.O-O e5 7.h3 Bh5 8.e4 dxe4
9.dxe4 Bc5 10.Qe2 O-O 11.a4 Re8 12.Qc4 Qb8 13.b4 b5 14.Qb3 Bf8 15.axb5 cxb5
16.Bb2 Qd6 17.Bc3 Bxf3 18.Nxf3 Qe6 19.Rfd1 Rac8 20.Be1 Rc7 21.Nh2 Nb6 22.Nf1 Nc4
23.Ne3 Nxe3 24.Qxe3 Rxc2 25.Qxa7 Rc4 26.Qb7 Bxb4 27.Qxb5 Bxe1 28.Rxe1 Qc6
29.Qxc6 Rxc6  1/2-1/2

[Event "Ron Banwell Masters"]
[Site "London ENG"]
[Date "2001.08.26"]
[Round "9"]
[White "Barle,J"]
[Black "Ravi,L"]
[Result "0-1"]
[WhiteElo "2383"]
[BlackElo "2389"]

1.Nf3 d5 2.g3 c5 3.Bg2 Nc6 4.d4 Nf6 5.O-O e6 6.e3 b5 7.b3 b4 8.a3 a5 9.axb4 cxb4
10.c4 bxc3 11.Nxc3 Ba6 12.Re1 Bb4 13.Bd2 O-O 14.Na4 Ne4 15.Bxb4 Nxb4 16.Nd2 Nd3
17.Nxe4 Nxe1 18.Qxe1 dxe4 19.Nc5 Bb5 20.Bxe4 Ra7 21.b4 a4 22.Qb1 h6 23.Qb2 Qd6
24.Bb1 Rb8 25.Qc2 g6 26.Ba2 Rc7 27.Qc3 Bc6 28.Na6 Rcc8 29.Nxb8 Qxb8 30.Qd2 Be4
31.Bb1 Qxb4 32.Qd1 Bd5 33.Ba2 Bb3 34.Qb1 Rc2 35.d5 Qd2  0-1

[Event "1st Open"]
[Site "St-Chely d'Aubrac FRA"]
[Date "2001.08.26"]
[Round "1"]
[White "Ayral,V"]
[Black "Flear,G"]
[Result "0-1"]
[WhiteElo "2018"]
[BlackElo "2489"]

1.Nf3 d5 2.g3 Nc6 3.d4 Bg4 4.Bg2 Qd7 5.O-O O-O-O 6.c3 f6 7.b4 e5 8.b5 Nb8
9.dxe5 Qxb5 10.exf6 Nxf6 11.a4 Qa6 12.Be3 Nc6 13.Qc2 Na5 14.Nbd2 Bd6 15.c4 dxc4
16.Rfc1 Bb4 17.Nxc4 Nxc4 18.Qxc4 Rd1+  0-1

[Event "10th Open"]
[Site "Kavala GRE"]
[Date "2001.08.27"]
[Round "7"]
[White "Nikolaidis,I"]
[Black "Trabert,B"]
[Result "1-0"]
[WhiteElo "2531"]
[BlackElo "2227"]

1.Nf3 d5 2.g3 c6 3.b3 Bg4 4.Bg2 Nd7 5.Bb2 Ngf6 6.O-O e6 7.d3 Bd6 8.Qe1 Qe7
9.e4 dxe4 10.dxe4 e5 11.Nbd2 Ba3 12.Bc3 Bb4 13.Bb2 Ba3 14.Bxa3 Qxa3 15.Nc4 Qe7
16.Qa5 Bxf3 17.Bxf3 b6 18.Qc3 O-O 19.Rad1 Rfd8 20.b4 Ne8 21.Rd3 f6 22.Ne3 Nf8
23.Nf5 Qc7 24.Qxc6 Qxc6 25.Ne7+ Kf7 26.Nxc6 Rxd3 27.cxd3 Rc8 28.Nxa7 Ra8
29.Nc6 Rxa2 30.d4 exd4 31.Nxd4 Rb2 32.Ra1 Rxb4 33.Nc6 Rb3 34.Ra7+ Kg8 35.Ne7+ Kf7
36.Bh5+  1-0

[Event "ADCF Masters"]
[Site "Abu Dhabi UAE"]
[Date "2001.08.28"]
[Round "4"]
[White "Kotsur,P"]
[Black "Arkhipov,S"]
[Result "1/2-1/2"]
[WhiteElo "2600"]
[BlackElo "2500"]

1.Nf3 d5 2.g3 c6 3.Bg2 Bg4 4.O-O Nd7 5.d3 Ngf6 6.c4 Bxf3 7.Bxf3 dxc4 8.dxc4 Ne5
9.Nd2 Nxf3+ 10.Nxf3 Qxd1 11.Rxd1 e6 12.Be3 Be7 13.Ne5 O-O 14.Rd3 Rfd8 15.Rad1 Rxd3
16.Rxd3 c5 17.f3 Rc8 18.g4 h6 19.Bf4 Kf8 20.Ra3 Ra8 21.Rb3 b6 22.a4 Ke8 23.a5 Bd6
24.Bg3 Bc7 25.Ra3 Nd7 26.Nc6 Bxg3 27.hxg3 Nb8 28.Ne5 Na6 29.axb6  1/2-1/2

[Event "21st Open"]
[Site "Bratto ITA"]
[Date "2001.08.28"]
[Round "7"]
[White "Foisor,C"]
[Black "Dittmar,P"]
[Result "1-0"]
[WhiteElo "2423"]
[BlackElo "2348"]

1.Nf3 d5 2.g3 c6 3.Bg2 Bg4 4.d3 Nd7 5.O-O Ngf6 6.Nbd2 e5 7.e4 dxe4 8.dxe4 Bc5
9.Qe1 O-O 10.Nc4 Re8 11.b4 Bf8 12.Bb2 Qc7 13.a3 Bxf3 14.Bxf3 Nb6 15.Nxb6 Qxb6
16.Qe2 a5 17.c3 axb4 18.cxb4 c5 19.Bc3 Qc7 20.Qb2 Nd7 21.Be2 Qc6 22.f3 Nb6
23.Rfc1 Na4 24.Qd2 Nxc3 25.Rxc3 Red8 26.Qe3 Rd4 27.Rac1 b6 28.Bc4 Qg6 29.Bd5 Rd8
30.b5 h5 31.Kh1 Be7 32.Rg1 Kh8 33.Qe2 Qf6 34.f4 exf4 35.Qxh5+ Kg8 36.Rf3 Bd6
37.gxf4 Bxf4 38.Qg4 g5  1-0

[Event "1st Open"]
[Site "St-Chely d'Aubrac FRA"]
[Date "2001.08.28"]
[Round "5"]
[White "Mietlicki,R"]
[Black "Duquenne,E"]
[Result "1-0"]
[WhiteElo "2199"]
[BlackElo "2042"]

1.Nf3 d5 2.g3 Bg4 3.Bg2 Nd7 4.d4 c6 5.O-O Ngf6 6.Ne5 Bh5 7.b3 e6 8.Bb2 Bd6
9.Nd2 O-O 10.c4 Qe7 11.a3 Rfc8 12.Qe1 b5 13.e4 bxc4 14.Nxd7 Nxd7 15.e5 Bc7
16.bxc4 Ba5 17.c5 Rcb8 18.Qc1 Be2 19.Re1 Bxd2 20.Qxd2 Bc4 21.Bc3 Rb3 22.Bf3 Rab8
23.Bd1 R3b7 24.Ba4 Bb5 25.Bc2 Bc4 26.Qe3 Rc8 27.Qf3 Nb8 28.Qh5 g6 29.Qg4 Na6
30.h4 h5 31.Qd1 Rcb8 32.Qc1 Kf8 33.Qh6+ Ke8 34.Re3 Bb3 35.Bd3 Bc4 36.Bc2 Bb3
37.Bb1 Bc4 38.Re1 Nc7 39.Qd2 Nb5 40.Bb4 Nc7 41.Bc2 Nb5 42.Re3 Nc7 43.Rf3 Na6
44.Bc3 Bb3 45.Bd3 Bc4 46.Bc2 Bb3 47.Bb1 Bc4 48.Qc1 Nc7 49.a4 Na6 50.Bd2 Rb3
51.Bg5 Qb7 52.Rxb3 Qxb3 53.Qf4 Qb7 54.Qf6 Qc7 55.Bxg6 Nb4 56.Qxe6+ Kf8 57.Qf6 Kg8
58.Bh7+  1-0

[Event "ADCF Masters"]
[Site "Abu Dhabi UAE"]
[Date "2001.08.30"]
[Round "6"]
[White "Kotsur,P"]
[Black "Guliev,S"]
[Result "1/2-1/2"]
[WhiteElo "2600"]
[BlackElo "2510"]

1.Nf3 d5 2.g3 c6 3.Bg2 Bg4 4.O-O Nd7 5.d3 e5 6.h3 Bh5 7.c4 dxc4 8.dxc4 Ngf6
9.Nc3 Be7 10.Nh4 O-O 11.a3 Re8 12.b4 a5 13.Rb1 axb4 14.axb4 Qc7 15.Qb3 Nf8
16.Be3  1/2-1/2

[Event "ADCF Masters"]
[Site "Abu Dhabi UAE"]
[Date "2001.09.02"]
[Round "8"]
[White "Maherramzade,J"]
[Black "Vladimirov,E"]
[Result "1/2-1/2"]
[WhiteElo "2476"]
[BlackElo "2612"]

1.Nf3 d5 2.g3 c6 3.Bg2 Bg4 4.c4 dxc4 5.Na3 Qd5 6.Qc2 Be6 7.O-O Nd7 8.Qc3 Nb6
9.Ne5 Qd8 10.Naxc4 Bxc4 11.Nxc4 Nf6 12.b3 e6 13.Bb2 Nbd5 14.Qc2 Be7 15.d4 O-O
16.e4 Nb6 17.Ne3 Rc8 18.Rac1 Qd7 19.Bh3 Rfd8 20.Kh1 Qe8 21.f4 Nfd7 22.f5 Bg5
23.fxe6 fxe6 24.Rce1 Bxe3 25.Rxe3 Qe7 26.Qc1 Rf8 27.Ree1 Rxf1+ 28.Rxf1 Rf8
29.Rxf8+ Nxf8 30.Ba3 Qf6 31.Qf4 Nbd7 32.Qxf6 gxf6 33.Kg2 Kf7 34.Kf2 b6 35.Bd6 c5
36.Ke3 cxd4+ 37.Kxd4 Ng6 38.Kc4 a6 39.Bf1 Nge5+ 40.Kc3 a5 41.Bc7 Ke7 42.Bb5 Nc5
43.Bxb6 Nxe4+ 44.Kd4 Nd6 45.Be2 Kd7 46.Ke3 a4 47.g4 axb3 48.axb3 f5 49.h3 Kc6
50.Bd8 Kd5 51.Bf6 Ng6 52.gxf5 Nxf5+ 53.Kf2 Nf4 54.Bf1 e5 55.b4 e4 56.b5  1/2-1/2

[Event "ADCF Masters"]
[Site "Abu Dhabi UAE"]
[Date "2001.09.03"]
[Round "9"]
[White "Sale,S"]
[Black "Raetsky,A"]
[Result "1-0"]
[WhiteElo "2381"]
[BlackElo "2452"]

1.Nf3 d5 2.g3 Nc6 3.d4 Bg4 4.Bg2 Qd7 5.h3 Bh5 6.O-O O-O-O 7.Nbd2 f6 8.c3 e5
9.dxe5 fxe5 10.Nb3 Nf6 11.Be3 Kb8 12.Nc5 Bxc5 13.Bxc5 Rhe8 14.Re1 Ne4 15.Be3 d4
16.cxd4 exd4 17.Bf4 h6 18.g4 Bf7 19.Rc1 g5 20.Bh2 h5 21.Qa4 hxg4 22.hxg4 Bd5
23.Nxd4 Nxd4 24.Bxc7+ Ka8 25.Qxd4 Rc8 26.Be5 Qe6 27.f3 Bc6 28.Bh2 Nf6 29.e4 Rcd8
30.Qe3 Rg8 31.Bg3 Nd7 32.Bf2 b6 33.Red1 Ne5 34.Bg3 Nf7 35.Qb3 Qxb3 36.axb3 Kb7
37.Bf1 Rge8 38.b4 Ba4 39.Rc7+ Ka8 40.Ra1  1-0